| 000 | 01228nam a22003137a 4500 | ||
|---|---|---|---|
| 003 | EG-ScBUE | ||
| 005 | 20211026150256.0 | ||
| 008 | 100406s2009 mr f b 000 0 ara d | ||
| 020 | _a9789953683255 | ||
| 020 | _a9789953683964 | ||
| 040 |
_aEG-ScBUE _bara _erda _cEG-ScBUE _dEG-ScBUE |
||
| 082 | 0 | 4 |
_a297.242 _bي ا س _222 |
| 100 | 1 |
_913368 _aياسين، عبد الجواد، _eمؤلف. |
|
| 245 | 1 | 2 |
_aالسلطة في الإسلام / _cعبد الجواد ياسين. |
| 250 | _aالطبعة الأولى. | ||
| 264 | 1 |
_aالدار البيضاء : _bالمركز الثقافي العربي، _c2009. |
|
| 300 |
_a2 مجلد ؛ _c24 سم |
||
| 336 |
_2rdacontent _aنص _btxt |
||
| 337 |
_2rdamedia _aبدون وسيط _bn |
||
| 338 |
_2rdacarrier _aمجلد _bnc |
||
| 504 | _aيشتمل على إرجاعات ببليوجرافية. | ||
| 505 | 0 | _aالمجلد الأول. العقل الفقهي السلفي بين النص والتاريخ -- المجلد الثاني. نقد النظرية السياسية. | |
| 541 | _cإهداء. | ||
| 650 | 7 |
_913370 _aالإسلام والسياسة. _2BUEsh |
|
| 651 | _2BUEsh | ||
| 653 |
_bGGEN _cOctober2021 |
||
| 655 |
_vReading book _934232 |
||
| 942 |
_2ddc _cBB |
||
| 999 |
_c13853 _d13853 |
||